000 00446pab a2200169 454500
008 180718b2012 xxu||||| |||| 00| 0 eng d
100 _aNautiyal, Annpurna
245 _aUttarakhand 2012: Who gained, who lost?
260 _c2012
300 _ap.21-24.
362 _a7 Apr
650 _aUttarakhand - Politics and government
650 _aPolitics and government
773 _aEconomic and Political Weekly
908 _aN
909 _a96350
999 _c96350
_d96350